| 000 | 00677nam a2200253Ia 4500 | ||
|---|---|---|---|
| 003 | OSt | ||
| 005 | 20221007110715.0 | ||
| 006 | a|||||r|||| 00| 0 | ||
| 007 | ta | ||
| 008 | 221006b |||||||| |||| 00| 0 eng d | ||
| 024 | _a21,675 | ||
| 037 | _cTextual | ||
| 040 |
_aLCO _cLCO _beng |
||
| 041 |
_2eng _aeng |
||
| 082 | _aX8(A):9, L0 | ||
| 100 |
_aWilles J.A. _9707787 |
||
| 245 | 0 | _aCraft Bargaining Unit | |
| 260 |
_aOntario _bIndustrial Relations Centre Canada _c1970 |
||
| 300 | _a43 | ||
| 500 | _aOntario and U.S. Labour Board Experience | ||
| 650 |
_aCRAFT _9707788 |
||
| 942 |
_hX8(A):9, L0 _cTEXL |
||
| 999 |
_c1191238 _d1191238 |
||